000 00650nam a2200205Ia 4500
003 GCL
008 140319s9999 xx 000 0 eng d
040 _aGCL /
_cGCL
082 0 4 _a327.73041
_bR W
100 1 _aRICHARDSON, LOUISE
245 1 0 _aWHEN ALLIES DIFFER: ANGLO - AMERICAN RELATIONS DURING THE SUEZ AND FALKLAND CRISES /
_cRICHARDSON, LOUISE
260 _a[S.N] :
_bMACMILLAN PRESS ،
_c1996
300 _a278 P
650 0 4 _aFOLKLAND ISLAND WAR, 1982
650 0 4 _aSUEZ WAR 1956
650 0 4 _aINTERNATIONAL POLITICS
650 0 4 _aUNITED STATES - FOREIGN RELATIONS
650 0 4 _aGREAT BRITAIN - FOREIGN RELTATIONS
942 _2ddc
_cBK
999 _c13910
_d13910